000 00858cam a22002532 4500
001 0000007518
005 20151217152031.0
008 080212s xx 000 0 eng d
020 _a0421922709 :
_cKES
040 _aKABU
_cKABU
100 1 _aThomas, Philip A.
_@0000158777
245 1 0 _aEffective legal research /
_cPhilip A. Thomas, John Knowles.
260 _aLondon :
_bSweet & Maxwell.,
_c2006.
300 _axiii, 187 p.
650 0 _aLegal research.
_@0000158778
700 1 _aKnowles, Philip.
_@0000158779
852 1 _9p3095 KSH
852 1 _9p3095 KSH
852 1 _9p3095 KSH
852 1 _9p3095 KSH
908 _a080212
950 _@1
999 _c7517
_d7517